00533nam a2200217Ia 450000500170000000800460001702000180006303700100008104000080009104000080009904000080010704100080011504100080012308400080013110000150013924500660015426000310022026000090025165000150026085600400027520260306164050.0008 260114s9999 xx 000 0 eng d a9781474491051 aEBOOK aCRL beng cCRL 2eng aeng qCRL aFraunhofer 0aBiopolitics, Materiality And Meaning In Modern European Drama bEdinburgh University Press c2021 aPhilosophy uhttps://academic.oup.com/book/37784